00294nam a2200109Ia 4500008004100000100003100041245003400072260000900106300003300115440002400148650001200172180117s9999 xx 000 0 und d aby Mary ANgela s Barlongay aBulacan in Philippine History c2017 a14-16 pages, 2017 February 5 aPhilippine Panorama aBULACAN